IT that comes with the territory (Record no. 71067)

MARC details
000 -LEADER
fixed length control field 01049cam a2200229 4500
001 - CONTROL NUMBER
control field ABS65828
008 - FIXED-LENGTH DATA ELEMENTS--GENERAL INFORMATION
fixed length control field 020903n2002 000 0 eng u
035 ## - SYSTEM CONTROL NUMBER
System control number (Sirsi) u119538
100 ## - MAIN ENTRY--PERSONAL NAME
Personal name Tinworth, A.
245 ## - TITLE STATEMENT
Title IT that comes with the territory
260 ## - PUBLICATION, DISTRIBUTION, ETC.
Date of publication, distribution, etc. 2002
490 ## - SERIES STATEMENT
Series statement Estates Gazette
Volume/sequential designation (0234) 24 August 2002, 72-73(2)
520 ## - SUMMARY, ETC.
Summary, etc. Looks at serviced office provider Stonemartin and what it provides to enable it to compete in the current tough financial climate. Notes how the firm works with the Institute of Directors (IOD) to create small business communities and touch-down facilities. The IOD link is crucial to the success of the services that Stonemartin provides along with the IOD Hub that is intended to be a home for small and medium sized businesses where they can expand and develop securely.
590 ## - LOCAL NOTE (RLIN)
Local note ABS
650 ## - SUBJECT ADDED ENTRY--TOPICAL TERM
Topical term or geographic name entry element SERVICED OFFICES
650 ## - SUBJECT ADDED ENTRY--TOPICAL TERM
Topical term or geographic name entry element INSTITUTE OF DIRECTORS
650 ## - SUBJECT ADDED ENTRY--TOPICAL TERM
Topical term or geographic name entry element IOD HUB
650 ## - SUBJECT ADDED ENTRY--TOPICAL TERM
Topical term or geographic name entry element STONEMARTIN
650 ## - SUBJECT ADDED ENTRY--TOPICAL TERM
Topical term or geographic name entry element ZIPCOM
690 ## - LOCAL SUBJECT ADDED ENTRY--TOPICAL TERM (OCLC, RLIN)
Topical term or geographic name as entry element MANAGEMENT-FACILITIES MANAGEMENT
942 ## - ADDED ENTRY ELEMENTS (KOHA)
Suppress in OPAC 0
Holdings
Withdrawn status Lost status Source of classification or shelving scheme Damaged status Not for loan Home library Current library Shelving location Date acquired Total Checkouts Full call number Barcode Date last seen Copy number Price effective from Koha item type
    Dewey Decimal Classification     London London Journal article 03/09/2002   ABS65828 119538-1001 06/08/2019 1 06/08/2019 Journal article